Province che confinano con la Provincia di Piacenza - Statistics

Statistiche generali
  • Questo quiz è stato fatto 24 volte
  • Il punteggio medio è 6 su 6
Statistiche sulle risposte
Regione Provincia % Corretto
Liguria Città metropolitana di Genova
100%
Piemonte Provincia di Alessandria
100%
Lombardia Provincia di Cremona
100%
Lombardia Provincia di Lodi
100%
Emilia-Romagna Provincia di Parma
94%
Lombardia Provincia di Pavia
83%
Nessun quiz corrispondente trovato
Distribuzione punteggi
Percentuale di utenti per punteggio
Percentile per numero di risposta
I tuoi punteggi nel tempo
Non hai fatto questo quiz